World Politics : (Record no. 12902)
[ view plain ]
| 000 -LEADER | |
|---|---|
| fixed length control field | 01201cam a2200313 a 4500 |
| 001 - CONTROL NUMBER | |
| control field | 12545990 |
| 005 - DATE AND TIME OF LATEST TRANSACTION | |
| control field | 20011025074811.0 |
| 008 - FIXED-LENGTH DATA ELEMENTS--GENERAL INFORMATION | |
| fixed length control field | 010926s2000 enk b 001 0 eng d |
| 010 ## - LIBRARY OF CONGRESS CONTROL NUMBER | |
| LC control number | 2001275569 |
| 015 ## - NATIONAL BIBLIOGRAPHY NUMBER | |
| National bibliography number | GBA1-36110 |
| 020 ## - INTERNATIONAL STANDARD BOOK NUMBER | |
| International Standard Book Number | 0745625908 (pbk.) |
| 035 ## - SYSTEM CONTROL NUMBER | |
| System control number | (OCoLC)ocm45883159 |
| 040 ## - CATALOGING SOURCE | |
| Original cataloging agency | VYF |
| Transcribing agency | VYF |
| Modifying agency | J2H |
| -- | UKM |
| -- | DLC |
| 042 ## - AUTHENTICATION CODE | |
| Authentication code | lccopycat |
| 050 00 - LIBRARY OF CONGRESS CALL NUMBER | |
| Classification number | D31 |
| Item number | .M39 2000 |
| 082 00 - DEWEY DECIMAL CLASSIFICATION NUMBER | |
| Classification number | 327 |
| Edition number | 22 |
| Item number | MAY |
| 100 1# - MAIN ENTRY--PERSONAL NAME | |
| Personal name | Mayall, James. |
| 9 (RLIN) | 9333 |
| 245 10 - TITLE STATEMENT | |
| Title | World Politics : |
| Remainder of title | Progress and Its Limits / |
| Statement of responsibility, etc | James Mayall. |
| 260 ## - PUBLICATION, DISTRIBUTION, ETC. (IMPRINT) | |
| Place of publication, distribution, etc | Cambridge : |
| Name of publisher, distributor, etc | Polity ; |
| Place of publication, distribution, etc | Malden, MA : |
| Name of publisher, distributor, etc | Blackwell Publishers, |
| Date of publication, distribution, etc | 2000. |
| 300 ## - PHYSICAL DESCRIPTION | |
| Extent | x, 170 p. ; |
| Dimensions | 20 cm. |
| 490 ## - Series Statement | |
| Series statement | Themes for the 21st century |
| 504 ## - BIBLIOGRAPHY, ETC. NOTE | |
| Bibliography, etc | Includes bibliographical references (p. [158]-164) and index. |
| 505 2# - FORMATTED CONTENTS NOTE | |
| Formatted contents note | Part I. International society -- Part II. Sovereignty -- Part III. Democracy -- Part IV. Intervention. |
| 650 #0 - SUBJECT ADDED ENTRY--TOPICAL TERM | |
| Topical term or geographic name as entry element | International relations. |
| 9 (RLIN) | 9334 |
| 650 #0 - SUBJECT ADDED ENTRY--TOPICAL TERM | |
| Topical term or geographic name as entry element | World politics. |
| 9 (RLIN) | 9335 |
| 942 ## - ADDED ENTRY ELEMENTS (KOHA) | |
| Source of classification or shelving scheme | Dewey Decimal Classification |
| Item type | Book - Borrowing |
| Withdrawn status | Item status | Source of classification or shelving scheme | Damaged status | Not for loan | Vendor | Home library | Current library | Shelving location | Date acquired | Source of acquisition | Cost, normal purchase price | Total Checkouts | Total Renewals | Full call number | Barcode | Date last seen | Date last borrowed | Koha item type |
|---|---|---|---|---|---|---|---|---|---|---|---|---|---|---|---|---|---|---|
| Dewey Decimal Classification | Baccah | Central Library | Central Library | First floor | 12/11/2009 | 140.00 | 6 | 18 | 327 MAY | 000019006 | 15/07/2025 | 24/09/2017 | Book - Borrowing |